00795nam a2200217Ia 450000500170000000800410001702000300005804000190008804100120010708200160011924501590013526000550029430000090034944000700035850400190042863000300044765000260047765100370050370000270054085000100056720221124111758.0140110s9999 xx 000 0 und d a9788173048258cRs 1375.00 aLoreto College aEnglish a954.14bBAG aEastern India in the late nineteenth centurybPartI : 1860s-1870scEdited by Amiya Kumar Bagchi and Arun Bandopadhyay. Foreword By Sabyasachi Bhattacharya aNew DelhibManohar Publishers & Distributorsc2009 a462p aDocuments on Economic History of British Rule in India, 1858-1947 aIncludes index aEconomic History of India aEastern India-History aHistory-India-Nineteenth Century aBagchi,Amiya Kumar,ed. aLCLIB